000 00352nam a22001457a 4500
020 _a0-471-04689-2
082 _a621.4023 KUO
100 _aKUO, KENNETH .K.
_958813
245 _aPRINCIPLES OF COMBUSTION
250 _a2ND
260 _aNEW JERSEY
_bJOHN WILEY
_c2005
300 _aXIX,732P
650 _aCOMBUSTION ENGINEERING
_958814
942 _cBK
999 _c568922
_d568922